[Event "Mumbai One Wealth op 04"]
[Site "Mumbai"]
[Date "2024.03.17"]
[Round "7"]
[White "Arjun, Singh Puri1"]
[Black "Ram, Vishal Parab"]
[Result "0-1"]
[WhiteElo "1602"]
[BlackElo "1807"]
[PlyCount "86"]
[EventDate "2024.03.11"]
[EventType "swiss"]
[EventRounds "7"]
[EventCountry "IND"]
[SourceTitle "EXT 2025"]
[Source "ChessBase"]
[SourceDate "2024.10.14"]
[SourceVersion "1"]
[SourceVersionDate "2024.10.14"]
[SourceQuality "1"]

1. e4 e5 2. Nf3 Nc6 3. Bb5 a6 4. Ba4 Nf6 5. 0-0 Be7 6. d3 b5 7. Bb3 d6 8. a4 b4 9. a5 0-0 10. Nbd2 Be6 11. Nc4 Nd7 12. Be3 Bf6 13. c3 bxc3 14. bxc3 Rb8 15. Ncd2 Bxb3 16. Nxb3 Ne7 17. d4 d5 18. Nfd2 exd4 19. Bxd4 Bxd4 20. cxd4 dxe4 21. Nxe4 Nd5 22. Nbc5 Nxc5 23. Nxc5 Qd6 24. Qd3 Nf4 25. Qc4 Rb5 26. g3 Nh3+ 27. Kg2 Ng5 28. Rfc1 Qf6 29. f4 Rb2+ 30. Rc2 Rxc2+ 31. Qxc2 Qc6+ 32. Kf1 Qh1+ 33. Ke2 Qxa1 34. fxg5 Qxd4 35. Nxa6 Re8+ 36. Kf1 Qa1+ 37. Kg2 Qe1 38. Qc4 Re2+ 39. Kh3 Qf1+ 40. Kg4 Qd1 41. Kh3 Qd7+ 42. g4 Re3+ 43. Kh4 Qd2 0-1

[Event "IND-ch U15"]
[Site "Mumbai"]
[Date "2023.11.20"]
[Round "6"]
[White "Ram, Vishal Parab"]
[Black "Arnav, Mahesh Koli"]
[Result "1-0"]
[WhiteElo "1630"]
[BlackElo "1774"]
[PlyCount "119"]
[EventDate "2023.11.15"]
[EventType "swiss"]
[EventRounds "7"]
[EventCountry "IND"]
[SourceTitle "CBM 217 Extra"]
[Source "ChessBase"]
[SourceDate "2024.01.31"]
[SourceVersion "1"]
[SourceVersionDate "2024.01.31"]
[SourceQuality "1"]

1. e4 c5 2. Nf3 d6 3. c3 Nf6 4. h3 g6 5. Bd3 Bg7 6. Bc2 e5 7. 0-0 0-0 8. d4 Nc6 9. dxc5 dxc5 10. Qe2 Qc7 11. Na3 a6 12. Be3 b6 13. Rac1 Bb7 14. Nd2 Rfd8 15. Bb1 Ne7 16. b4 Rac8 17. b5 axb5 18. Nxb5 Qd7 19. Rfd1 Bc6 20. Nc4 Bxb5 21. Rxd7 Rxd7 22. a4 Ba6 23. Qa2 Bxc4 24. Qxc4 Rcd8 25. Ba2 Nc8 26. f3 h6 27. Bb3 Kh7 28. Qe2 Nd6 29. Rd1 Ra7 30. Rd2 Bf8 31. Bc2 Re8 32. Rd1 Nh5 33. Rb1 Nc8 34. Qd2 Nf6 35. g4 Rd7 36. Qf2 Ng8 37. a5 bxa5 38. Ba4 Red8 39. Bxd7 Rxd7 40. Rb8 Rc7 41. f4 exf4 42. Bxf4 Rc6 43. Rb7 Nce7 44. Be3 Rf6 45. Qa2 Bg7 46. Bxc5 Re6 47. Bd4 Bf8 48. Rb8 Bg7 49. Qf2 f6 50. Qc2 Nc6 51. Qb3 Nxb8 52. Qxe6 a4 53. Qc8 a3 54. Qxb8 g5 55. c4 Ne7 56. Qb7 a2 57. Qxe7 Kg6 58. c5 h5 59. Qe8+ Kh6 60. Qxh5# 1-0

[Event "IND-ch U15"]
[Site "Mumbai"]
[Date "2023.11.17"]
[Round "3"]
[White "Agraval, Shravana"]
[Black "Ram, Vishal Parab"]
[Result "0-1"]
[WhiteElo "1217"]
[BlackElo "1630"]
[PlyCount "111"]
[EventDate "2023.11.15"]
[EventType "swiss"]
[EventRounds "7"]
[EventCountry "IND"]
[SourceTitle "CBM 217 Extra"]
[Source "ChessBase"]
[SourceDate "2024.01.31"]
[SourceVersion "1"]
[SourceVersionDate "2024.01.31"]
[SourceQuality "1"]

1. d4 Nf6 2. Bf4 e6 3. Nf3 b6 4. Nbd2 Bb7 5. e3 Be7 6. Be2 0-0 7. 0-0 Nh5 8. Bg3 Nxg3 9. hxg3 c5 10. Bd3 d6 11. c3 Nd7 12. Re1 Nf6 13. e4 Rc8 14. Rc1 Rc7 15. Qc2 cxd4 16. Nxd4 a6 17. N2f3 h6 18. Rcd1 Qa8 19. Qe2 Rfc8 20. Bc2 b5 21. a3 Bf8 22. Nb3 e5 23. Na5 Rc5 24. Nxb7 Qxb7 25. Bb3 a5 26. Nh4 Kh8 27. Nf5 Rd8 28. Qf3 Nh7 29. Rd5 Ng5 30. Qe2 g6 31. Nh4 Rxd5 32. Bxd5 Qd7 33. f4 Nh7 34. f5 g5 35. Nf3 Nf6 36. Rd1 Qa7+ 37. Qf2 Qc7 38. Qd2 Rb8 39. Nh2 Kg7 40. g4 Be7 41. g3 Rh8 42. Qe3 Bd8 43. Kg2 Qb8 44. b4 axb4 45. axb4 Bb6 46. Qd3 Ba7 47. Ra1 Qb6 48. Qf1 Rc8 49. Qe1 Rc7 50. Bb3 Qb7 51. Bc2 Bd4 52. Ra3 Qc6 53. cxd4 Qxc2+ 54. Kh3 Nxe4 55. Rf3 exd4 56. Qa1 0-1

[Event "IND-ch U15"]
[Site "Mumbai"]
[Date "2023.11.16"]
[Round "2"]
[White "Ram, Vishal Parab"]
[Black "Sarvesh, Mahesh Sawant"]
[Result "1-0"]
[WhiteElo "1630"]
[BlackElo "1100"]
[PlyCount "79"]
[EventDate "2023.11.15"]
[EventType "swiss"]
[EventRounds "7"]
[EventCountry "IND"]
[SourceTitle "CBM 217 Extra"]
[Source "ChessBase"]
[SourceDate "2024.01.31"]
[SourceVersion "1"]
[SourceVersionDate "2024.01.31"]
[SourceQuality "1"]

1. e4 c6 2. d4 d5 3. e5 c5 4. Nf3 Nc6 5. dxc5 e6 6. Be3 Qc7 7. Bb5 Bd7 8. Nc3 Nge7 9. 0-0 Nf5 10. Bxc6 Bxc6 11. b4 Be7 12. a4 0-0 13. Ne2 a6 14. Ned4 Nxd4 15. Bxd4 f6 16. Qe2 fxe5 17. Nxe5 Bf6 18. b5 axb5 19. axb5 Rxa1 20. Bxa1 Bxb5 21. Qxb5 Bxe5 22. Bxe5 Qxe5 23. Qxb7 Qf5 24. Qd7 Rf7 25. Qd8+ Rf8 26. Qd6 Rf7 27. c3 Qf6 28. c6 Qxc3 29. Qxe6 Qc5 30. h3 h6 31. Kh1 d4 32. Rb1 Qe7 33. Qd5 d3 34. Rb8+ Kh7 35. Qxd3+ g6 36. Qc3 Rg7 37. Rb7 Qxb7 38. cxb7 Rxb7 39. f4 Rf7 40. Qe5 1-0

[Event "Mumbai Accurate op"]
[Site "Mumbai"]
[Date "2023.10.03"]
[Round "5"]
[White "Kshaunish, Prakash Jaiswal"]
[Black "Ram, Vishal Parab"]
[Result "0-1"]
[WhiteElo "1420"]
[BlackElo "1581"]
[PlyCount "78"]
[EventDate "2023.09.29"]
[EventType "swiss"]
[EventRounds "7"]
[EventCountry "IND"]
[SourceTitle "CBM 216 Extra"]
[Source "ChessBase"]
[SourceDate "2023.11.30"]
[SourceVersion "1"]
[SourceVersionDate "2023.11.30"]
[SourceQuality "1"]

1. e4 e5 2. Nf3 Nc6 3. Bc4 Bc5 4. Nc3 Nf6 5. d3 d6 6. h3 h6 7. Be3 Bb6 8. 0-0 0-0 9. d4 exd4 10. Nxd4 Ne5 11. Bb3 Bd7 12. Re1 Re8 13. Nf3 Ba5 14. Nxe5 dxe5 15. Bd2 Be6 16. Nd5 Bxd2 17. Qxd2 Nh5 18. Qc3 Bxd5 19. exd5 Nf4 20. Qf3 Qd6 21. Rad1 b5 22. c4 bxc4 23. Bxc4 Rab8 24. b3 Re7 25. a4 f5 26. Kf1 Rf8 27. Qg3 Rf6 28. Qh4 Kh7 29. g4 e4 30. Rd2 Ng6 31. Qg3 f4 32. Qg1 Nh4 33. Be2 e3 34. Rd3 f3 35. Rxe3 Rxe3 36. fxe3 fxe2+ 37. Kxe2 Qa6+ 38. Kd1 Qd3+ 39. Kc1 Nf3 0-1